Positivism in social theory and research
Αποθηκεύτηκε σε:
| Κύριος συγγραφέας: | |
|---|---|
| Μορφή: | Βιβλίο |
| Γλώσσα: | English |
| Δημοσίευση: |
London :
MacMillan,
1985
|
| Θέματα: | |
| Ετικέτες: |
Προσθήκη ετικέτας
Δεν υπάρχουν, Καταχωρήστε ετικέτα πρώτοι!
|
MARC
| LEADER | 00000nam a2200000 i 4500 | ||
|---|---|---|---|
| 001 | 1/30738 | ||
| 008 | 950407s1985 eng d | ||
| 020 | |a 0333305388 | ||
| 035 | |l 10023455 | ||
| 040 | |a GR-MY-UA |b gre |e aacr | ||
| 041 | 0 | |a eng | |
| 082 | 0 | |a 301.01 | |
| 100 | 1 | |a Bryant, Christopher G. A. | |
| 245 | 1 | 0 | |a Positivism in social theory and research |
| 260 | |a London : |b MacMillan, |c 1985 | ||
| 300 | |a 214 p. | ||
| 650 | 0 | 0 | |a Positivism. |
| 650 | 0 | 0 | |a Social sciences |x Philosophy. |
| 852 | |a INST |b CHIOS |e 19950407 |h 301.01 BRY |p 005200006549 |q 005200006549 |t BK |y 0 | ||
| 909 | |a Χ |b 001650 | ||